Indonézia môže byť zlým príkladom pre ďaľšie krajiny regiónu

Finančná kríza v Ázii prerástla do otvorenej politickej krízy v Indonézii. Odstúpenie dlhoročného prezidenta Suharta. Sľubný hospodársky vývoj krajiny narušili nedostatky v politickej oblasti. Ekonomické zrútenie vplyvnej Indonézie by mohlo strhnúť do priepasti i susedné ázijské krajiny. Svetová ban...

Descrizione completa

Salvato in:
Dettagli Bibliografici
Autore principale: Hajko, Jozef
Natura: Capitolo di libro
Lingua:slovacco
Soggetti:
Tags: Aggiungi Tag
Nessun Tag, puoi essere il primo ad aggiungerne!!

MARC

LEADER 00000naa a2200000 4500
001 r031589
005 20230921084216.4
041 0 |a slo 
044 |a SK 
245 1 0 |a Indonézia môže byť zlým príkladom pre ďaľšie krajiny regiónu  |c Jozef Hajko 
520 |a Finančná kríza v Ázii prerástla do otvorenej politickej krízy v Indonézii. Odstúpenie dlhoročného prezidenta Suharta. Sľubný hospodársky vývoj krajiny narušili nedostatky v politickej oblasti. Ekonomické zrútenie vplyvnej Indonézie by mohlo strhnúť do priepasti i susedné ázijské krajiny. Svetová banka prisľúbila krajine pomoc, ak nová vláda bude pokračovať v hospodárskych reformách a liberalizácii politickej sféry. 
610 2 0 |a vývoj hospodársky 
610 2 0 |a politika vnútorná 
610 2 0 |a liberalizácia 
610 2 0 |a kríza finančná 
610 2 0 |a Indonézia 
610 2 0 |a Ázia 
100 1 |a Hajko, Jozef